000 00820nam a2200217Ii 4500
003 JO-AjNU
008 230605s9999||||xx |||||||||||||| ||und||
017 _a2009/8/3663
020 _a978-9957-516-03-1
040 _aJO-AjNU
_bara
_erda
_cJO-AjNU
041 _aara
050 1 4 _aHG4026.Z8222 2010
100 3 _aتأليف: الزبون، عطا الله علي,
_eauthor
_928758
245 0 0 _aاستراتيجيات التحليل المالي
264 3 1 _aاربد: دار المتنبي للطباعة والنشر والتوزيع، 2010
300 _a243ص
_bيحتوي على ببلوغرافية من 237-243ص
336 _atext
_btxt
_2rdacontent
337 _aunmediated
_bn
_2rdamedia
338 _avolume
_bnc
_2rdacarrier
650 4 _aالادارة المالية- التحليل المالي
_928759
999 _aA11193
_c14761
_d14761